Statistics for Best player in each MLB team's franchise history.

Click here to take the quiz!

General Stats

  • This quiz has been taken 313 times
  • The average score is 23 of 30

Answer Stats

TeamPositionPlayer% Correct
OriolesSS/3BCal Ripken Jr.
92%
DiamondbacksPRandy Johnson
92%
YankeesRFBabe Ruth
91%
Red SoxLFTed Williams
89%
BravesRFHank Aaron
88%
RedsCJohnny Bench
87%
MarinersCFKen Griffey Jr.
84%
AngelsCFMike Trout
84%
GiantsRFBarry Bonds
83%
White SoxDH/1BFrank Thomas
80%
CubsSSErnie Banks
79%
PiratesRFRoberto Clemente
79%
Royals3BGeorge Brett
78%
Phillies3BMike Schmidt
78%
PadresRFTony Gwynn
78%
Rays3BEvan Longoria
77%
AstrosC/2BCraig Biggio
76%
RangersSPNolan Ryan
76%
Rockies1BTodd Helton
75%
Dodgers2B/1BJackie Robinson
73%
BrewersSS/2BRobin Yount
73%
MetsSPTom Seaver
73%
CardinalsLF/1BStan Musial
72%
TigersCFTy Cobb
71%
AthleticsLFRickey Henderson
70%
IndiansSPBob Feller
59%
MarlinsDH/3B/1BMiguel Cabrera
58%
TwinsCFKirby Puckett
54%
Blue Jays2BRoberto Alomar
52%
Nationals/ExposRF/CF/LFAndre Dawson
45%

Score Distribution

Percentile by Number Answered

Percent of People with Each Score

Your Score History

You have not taken this quiz